| 000 | 01301cam a22001934a 4500 | ||
|---|---|---|---|
| 005 | 20250605164006.0 | ||
| 008 | 250528s ||||||||||||||||||||||||d | ||
| 035 | _a15815 | ||
| 020 | _a761968105 | ||
| 040 |
_aGR-AtMCL _bgre _dGR-AtMCL _eAACR2 |
||
| 245 | 1 | _aDoing a Literature Search / A Comprehensive Guide for the Social Sciences | |
| 260 |
_bSage Publications, _c2005 |
||
| 300 | _a194 | ||
| 520 | _aThis straightforward, detailed and accessible manual will be an invaluable resource for all students and researchers across the social sciences. Preface, Acknowledgements, Basic Knowledge: Organization of the Literature and Planning Techniques and Search Management, The Purpose of Searching the Literature, Search Preparation and Planning, Search Management, Literature Types: Working Through the Bibliographical Framework, Quick Reference Materials, Finding Books and Bibliographies, Finding Journal Articles, Finding Grey Literature, Finding Official Publications and Statistics and Archives, Finding Citations and Reviews, Using Information Communications Technology: More Advanced Knowledge and Techniques, Using the Internet for Literature Searching, Advanced Searching Techniques, Glossary, Index. | ||
| 700 | 1 |
_aHart Chris _91817 |
|
| 942 | _cBK | ||
| 999 |
_c1366 _d1366 |
||